Caricamento...
An Experiment in Criticism
| Autore principale: | |
|---|---|
| Natura: | Printed Book |
| Pubblicazione: |
Cambridge;
University Press;
1961
|
| Edizione: | 1st |
| Soggetti: |
| LEADER | 00506nam a22001457a 4500 | ||
|---|---|---|---|
| 082 | |a 824 |b LEW/A K1 | ||
| 100 | |a Lewis, C S |9 301841 | ||
| 245 | |a An Experiment in Criticism | ||
| 250 | |a 1st | ||
| 260 | |a Cambridge; |b University Press; |c 1961 | ||
| 300 | |a 142p. | ||
| 650 | |a English Critical Studies; English Literature |9 301842 | ||
| 942 | |c BK | ||
| 999 | |c 64408 |d 64408 | ||
| 952 | |0 0 |1 0 |4 0 |6 824_000000000000000_LEW_A_K1 |7 0 |8 English |9 77029 |a MAL |b MAL |d 2016-10-10 |e 5055 |l 0 |o 824 LEW/A K1 |p MAL005055 |r 2016-10-10 |t 1 |w 2016-10-10 |y BK | ||